• 首页
  • 本馆介绍
  • 公告通知
  • 最新文献
  • 馆藏检索
  • 电子资源
  • 读者导购
  • 参考咨询
  • 我的图书馆
  • 登录
  • 详细信息显示
  • 放入我的书架
  • 预约/预借图书
  • 作者相关作品
  • 分类相关作品
  • 丛书相关作品
  • 出版社相关作品

书目信息

  • 表格格式
  • 工作单格式
  • 卡片格式
题名:
给老师的健康枕边书
    
 
作者: 顾勇 主编
分册:  
出版信息: 青岛   青岛出版社  2015
页数: 210页
开本: 24cm
丛书名:
单 册:
中图分类: G478.2
科图分类:
主题词: 教师--保健--基本知识 , 教师 , 保健
电子资源:
ISBN: 978-7-5436-5643-7
000 00805nam0 2200253 45
001 012001003867
005 20130127110819.0
010    @a978-7-5436-5643-7@dCNY25.00
100    @a20091224d2009 em y0chiy50 ea
101 0  @achi
102    @aCN@b370000
105    @ay z 000yy
106    @ar
200 1  @a给老师的健康枕边书@9gei lao shi de jian kang zhen bian shu@f顾勇主编
210    @a青岛@c青岛出版社@d2015
215    @a210页@d24cm
330    @a本书从教师的健康现状、职业特点出发,有针对性地从教师的饮食、运动、环境、心理和常见疾病等教师健康的各个方面,讲解了教师身心健康的知识。
606 0  @a教师@x保健@x基本知识
606 0  @a教师
606 0  @a保健
690    @aG478.2@v4
701  0 @a顾勇@9gu yong@c(保健)@4主编
801  0 @aCN@b江苏凤凰@c20191020
905    @b1218930-3@dG478.2@e166@f4
    
    给老师的健康枕边书/顾勇主编.-青岛:青岛出版社,2015
    210页;24cm
    
    
    ISBN 978-7-5436-5643-7:CNY25.00
    本书从教师的健康现状、职业特点出发,有针对性地从教师的饮食、运动、环境、心理和常见疾病等教师健康的各个方面,讲解了教师身心健康的知识。
●
相关链接 在E读中查询图书 在五车中查询图书 在当当中查询图书 在豆瓣中查询图书


正题名:给老师的健康枕边书     索取号:G478.2/166         预约/预借

序号 登录号 条形码 馆藏地/架位号 状态 备注
1 1218930   212189308   第一样本阅览室/ [索取号:G478.2/166] 在馆    
2 1218931   212189317   教育系资料室/ [索取号:G478.2/166] 在馆    
3 1218932   212189326   教育系资料室/ [索取号:G478.2/166] 在馆    
4 1218933   212189335   第四借阅区/ [索取号:G478.2/166] 在馆    
唐山师范学院图书馆 欢迎您!
大连网信软件有限公司© 版权所有